Alkali-activated binders for precast and ready-mixed concrete products (Record no. 115678)

MARC details
000 -LEADER
fixed length control field 01495cam a22002655a 4500
001 - CONTROL NUMBER
control field L159105
008 - FIXED-LENGTH DATA ELEMENTS--GENERAL INFORMATION
fixed length control field 110516s2016 xxko f 000 0 eng d
020 ## - INTERNATIONAL STANDARD BOOK NUMBER
International Standard Book Number 9781848064393
035 ## - SYSTEM CONTROL NUMBER
System control number (Sirsi) u159105
041 0# - LANGUAGE CODE
Language code of text/sound track or separate title eng
050 04 - LIBRARY OF CONGRESS CALL NUMBER
Classification number 693.5 $2 18
100 1# - MAIN ENTRY--PERSONAL NAME
Personal name Dunster, Andrew
245 00 - TITLE STATEMENT
Title Alkali-activated binders for precast and ready-mixed concrete products
Remainder of title new supply chains, business models and environmental benefits
260 ## - PUBLICATION, DISTRIBUTION, ETC.
Place of publication, distribution, etc. Watford
Name of publisher, distributor, etc. BRE
Date of publication, distribution, etc. 2016
300 ## - PHYSICAL DESCRIPTION
Extent 6p.
Other physical details ill.
Dimensions 30cm.
490 #0 - SERIES STATEMENT
Series statement BRE Information Paper
Volume/sequential designation (1/16)
520 ## - SUMMARY, ETC.
Summary, etc. The production of alkali-activated (AA) binders uses less energy and produces less carbon dioxide than conventional Portland cement (PC). These binders can also offer the concrete producer flexibility in raw materials sourcing and the opportunity to produce concrete products without using conventional cements. Although low-carbon concretes made from AA binders share some materials in common with conventional PC-based concretes, there are some significant differences in the supply chains and business models that apply to their manufacture and sale. This paper summarises the current position in this emerging area of construction technology.
521 ## - TARGET AUDIENCE NOTE
Target audience note Advanced
590 ## - LOCAL NOTE (RLIN)
Local note KA
650 24 - SUBJECT ADDED ENTRY--TOPICAL TERM
Topical term or geographic name entry element BUILT ENVIRONMENT-BUILDING MATERIALS-CEMENTITIOUS, CONCRETE AND MINERAL BOUND MATERIALS-CONCRETE
650 24 - SUBJECT ADDED ENTRY--TOPICAL TERM
Topical term or geographic name entry element ALKALI-ACTIVATED BINDERS
651 #4 - SUBJECT ADDED ENTRY--GEOGRAPHIC NAME
Geographic name United Kingdom
Chronological subdivision
690 ## - LOCAL SUBJECT ADDED ENTRY--TOPICAL TERM (OCLC, RLIN)
Topical term or geographic name as entry element Building materials and defects
942 ## - ADDED ENTRY ELEMENTS (KOHA)
Suppress in OPAC 0
Holdings
Withdrawn status Lost status Source of classification or shelving scheme Damaged status Not for loan Home library Current library Shelving location Date acquired Total Checkouts Full call number Barcode Date last seen Copy number Price effective from Koha item type
    Dewey Decimal Classification     London London BRE publications 28/01/2016   BRE 30078852 06/08/2019 1 06/08/2019 Book